[Event "EICC 2017"]
[Site "Minsk"]
[Date "2017.06.09"]
[Round "10"]
[White "Berkes, Ferenc"]
[Black "Mastrovasilis, Dimitrios"]
[Result "1/2-1/2"]
[WhiteElo "2654"]
[BlackElo "2580"]
[Annotator "TA"]
[PlyCount "98"]
[EventDate "2017.??.??"]
[EventCountry "BLR"]
[SourceTitle "playchess.com"]
[Source "ChessBase"]
[SourceQuality "1"]

{[%evp 9,98,23,21,13,25,22,27,24,33,17,22,27,23,28,45,45,31,34,34,35,35,33,37,30,48,31,38,35,41,33,34,20,37,24,36,7,8,0,26,12,18,14,35,31,40,41,33,19,22,20,37,22,25,0,5,0,37,14,57,33,36,44,43,36,51,31,32,30,27,0,0,0,0,0,0,0,0,0,0,0,0,0,0,0,0,0,0,0,0,0,0]} 1. d4 d5 2. Nf3 Nf6 3. c4 e6 4. Nc3 a6 5. cxd5 exd5 6. Qb3 {D37: Queen's Gambit Declined: 5 Bf4} (6. Bf4 Bd6 7. Bg3 O-O 8. e3 Bf5 9. Qb3 Bxg3 10. hxg3 Nc6 11. Be2 Qd6 12. O-O Ne7 13. Ne5 h5 {0-1 (39) Karjakin,S (2783)-Adams,M (2761) Shamkir 2017}) 6... c6 7. Bg5 Be7 8. e3 {White has an edge.} O-O 9. Bd3 Nbd7 10. O-O h6 11. Bh4 Ne4 12. Bxe7 Qxe7 13. Bxe4 $146 ({Predecessor:} 13. Qc2 Re8 {1-0 (56) Khan,V (2109)-Van Bommel,T (1912) LSS email 2013}) 13... dxe4 14. Nd2 Nf6 15. Qa3 Qe6 16. Qa5 Re8 17. Rac1 Qe7 18. a3 Bg4 19. h3 Be6 20. Qe5 Qd7 21. Qg3 Bd5 22. Ne2 Rad8 23. Nf4 Qf5 24. Rfe1 Kh7 25. b4 Rd7 26. a4 Nh5 27. Nxh5 Qxh5 28. Qg4 Qxg4 29. hxg4 Kg6 30. f3 h5 31. gxh5+ Kxh5 32. Kf2 (32. b5 $5) 32... Kg6 33. Rh1 f6 34. Rh4 {[%cal Rf3e4]} Rde7 35. f4 a5 36. bxa5 Ra8 37. Rc5 b6 38. axb6 {[#] Black must now prevent a5.} Rxa4 39. Rh1 Rb7 {Strongly threatening ...Ra2.The position is equal.} 40. Rb1 Ra2 41. Ke2 Ra6 42. g4 Rbxb6 43. Rxb6 Rxb6 $11 {[%mdl 4096] Endgame KRB-KRN} 44. Ra5 Rb2 45. Ra7 Rc2 46. Re7 Ra2 47. Ke1 Ra1+ 48. Kf2 Ra2 49. Ke1 Ra1+ {Precision: White = 55%, Black = 64%.} 1/2-1/2

[Event "EICC 2017"]
[Site "Minsk"]
[Date "2017.06.09"]
[Round "10"]
[White "Sjugirov, Sanan"]
[Black "Jurcik, Marian"]
[Result "1-0"]
[WhiteElo "2654"]
[BlackElo "2501"]
[Annotator "TA"]
[PlyCount "81"]
[EventDate "2017.??.??"]
[EventCountry "BLR"]
[SourceTitle "playchess.com"]
[Source "ChessBase"]
[SourceQuality "1"]

{[%evp 13,81,26,27,31,27,20,36,35,37,36,29,28,40,20,57,63,64,62,66,62,56,56,68,54,68,66,81,88,75,0,-7,-15,66,61,82,47,49,40,113,108,158,16,26,24,174,186,170,146,292,264,243,191,212,188,156,166,202,137,1427,1422,1372,1389,29988,29989,29989,1855,1775,1781,1616,1600]} 1. d4 Nf6 2. c4 g6 3. Nc3 Bg7 4. e4 d6 5. f3 O-O 6. Be3 c5 7. Nge2 Nc6 8. d5 {E81: King's Indian: Sämisch: 6th move deviations (including 6 Be3 c6)} Na5 (8... Ne5 9. Ng3 e6 10. Be2 b5 11. Nxb5 exd5 12. cxd5 Rb8 13. Qd2 h5 14. O-O h4 15. Nh1 h3 16. Ng3 hxg2 17. Kxg2 {½-½ (53) Sasikiran,K (2640)-Ding,L (2749) Danzhou 2015}) 9. Ng3 e6 10. Be2 {White is slightly better.} exd5 11. cxd5 a6 12. Qd2 b5 13. Bh6 $146 ({Predecessor:} 13. O-O Re8 14. Rac1 Bd7 15. b3 b4 16. Nd1 Bb5 17. Re1 Nd7 18. Nh1 Rc8 19. Nhf2 Qb6 {½-½ (19) Ferre Perez,A (2174)-Martinez Martin,D ICCF email 2012}) 13... b4 {...Bxh6 is the strong threat.} 14. Nd1 Bd7 15. Bxg7 Kxg7 16. Ne3 h5 17. O-O Qe7 18. Bd3 Rh8 19. Rae1 h4 20. Nh1 Qe5 21. f4 (21. Nf2 $16) 21... Qd4 $11 22. Nf2 Rae8 ({Black should try} 22... h3 $11 23. g4 Nxg4) 23. Qc1 $1 $14 Nh5 24. Nc2 Qf6 25. f5 $36 {[%mdl 2048] Black is under pressure.} c4 {[#]} (25... gxf5 $14 26. exf5 (26. Bxa6 b3 $11) 26... Rxe1 27. Nxe1 Bxf5) 26. Be2 $1 $16 b3 27. axb3 (27. Ng4 $16 Qd8 28. fxg6 (28. Nce3 bxa2 29. Qc3+ Kg8 $16) 28... Kxg6 29. axb3 (29. Nd4 bxa2 30. Ne3 h3 $14) 29... Nxb3 30. Qe3) 27... Nxb3 $11 28. Qd1 {Hoping for Ne3.} Bb5 (28... Qxb2 $11 29. Bxc4 Nc5) 29. Ne3 $18 {[%cal Bc2e3,Be3f5,Bf5h4,Bh4f5][%mdl 32]} Qxb2 30. Bxc4 Nc5 (30... Nd4 $16 {keeps fighting.} 31. fxg6 fxg6) 31. Bxb5 axb5 32. fxg6 fxg6 33. Qg4 {And now Nf5+ would win.} Qf6 34. Nf5+ Kh7 35. Nh3 Qe5 $2 {[%mdl 8192]} (35... gxf5 $16 36. Rxf5 (36. Qxh5+ Kg7 $11) 36... Qd4+ 37. Kh1 Ng7) 36. Nxh4 {[%csl Gh4][%cal Rg4g6]} Qd4+ 37. Kh1 {[%csl Gh4][%cal Rg4g6]} Rhg8 38. Ng5+ Kh6 {[#]} 39. Nf7+ (39. Nf5+ $142 $1 {[%mdl 512]} gxf5 40. Nf7+ Kh7 41. Qxh5+ Kg7 42. Nxd6 Re5 43. Rxf5 Rxf5 44. Nxf5+ Kf8 45. Nxd4) 39... Kh7 40. Qg5 {[%csl Gf7][%cal Rg5h6]} Qg7 {[#]} 41. Nf5 $1 {[%mdl 512] Precision: White = 61%, Black = 27%.} 1-0

[Event "EICC 2017"]
[Site "Minsk"]
[Date "2017.06.09"]
[Round "10"]
[White "Khismatullin, Denis"]
[Black "Sadzikowski, Daniel"]
[Result "1-0"]
[WhiteElo "2651"]
[BlackElo "2548"]
[Annotator "TA"]
[PlyCount "89"]
[EventDate "2017.??.??"]
[EventCountry "BLR"]
[SourceTitle "playchess.com"]
[Source "ChessBase"]
[SourceQuality "1"]

{[%evp 21,89,34,23,31,24,31,26,27,87,95,137,139,139,125,133,132,127,139,137,139,141,144,164,174,193,196,214,202,208,214,216,208,222,205,233,229,310,311,316,287,287,288,302,299,380,378,515,347,347,362,349,346,320,291,317,284,382,381,408,405,535,532,926,913,869,864,842,794,687,666]} 1. Nf3 c5 2. e4 d6 3. Bb5+ Nd7 4. c3 Ngf6 5. Qe2 a6 6. Ba4 e5 7. d4 b5 8. Bc2 Be7 9. O-O O-O 10. Rd1 Qb6 {B51: Sicilian: Moscow Variation (3 Bb5+) without 3...Bd7} (10... Qc7 11. h3 Bb7 12. d5 g6 13. Bg5 Rfe8 14. g4 h5 15. Nh2 Nxd5 16. exd5 Bxg5 17. gxh5 Nf6 18. hxg6 fxg6 19. Bxg6 {0-1 (26) Najer,E (2679)-Lu,S (2627) Doha 2016}) 11. a4 Bb7 {LiveBook: 4 Games} 12. d5 c4 $146 {White is slightly better.} ({Predecessor:} 12... g6 13. Na3 Rfb8 14. Be3 Bc8 15. h3 {1-0 (30) Plenca,J (2396)-Kenenbaev,A (2143) Khanty-Mansiysk 2016}) 13. Be3 Nc5 14. Nfd2 Nfd7 (14... Qc7 $11 {remains equal.}) 15. Na3 $16 Rfb8 {[#]} 16. Ndxc4 $1 {[%mdl 512]} bxc4 17. Nxc4 Qc7 18. b4 a5 19. bxc5 Nxc5 {[#]} 20. Na3 $1 Ba6 21. c4 {[%cal Bc3c4,Bc4b5][%mdl 32]} Bd8 22. Nb5 Bxb5 23. cxb5 Qa7 24. Ra3 Bb6 25. Rc3 Re8 26. Ra1 Qe7 27. Raa3 Qh4 28. Bd2 f5 29. exf5 e4 30. Rh3 Qf6 31. Qh5 h6 32. Bc3 Re5 33. Rg3 Ra7 34. Rg6 Qxf5 35. Qxf5 Rxf5 36. Rxd6 Nd7 37. Rxb6 ({Weaker is} 37. Bxe4 Bxf2+ 38. Kf1 Rf4 $16) 37... Nxb6 38. Bxe4 Rf4 39. f3 Rd7 40. Ra2 Nxd5 41. Bxa5 {White is clearly winning.} Rf8 42. Rd2 Nb6 43. Rxd7 Nxd7 44. Bc7 Nc5 45. b6 {Precision: White = 97%, Black = 35%.} 1-0

[Event "EICC 2017"]
[Site "Minsk"]
[Date "2017.06.09"]
[Round "10"]
[White "Swiercz, Dariusz"]
[Black "Petrosyan, Manuel"]
[Result "1-0"]
[WhiteElo "2649"]
[BlackElo "2546"]
[Annotator "TA"]
[PlyCount "75"]
[EventDate "2017.??.??"]
[EventCountry "BLR"]
[SourceTitle "playchess.com"]
[Source "ChessBase"]
[SourceQuality "1"]

{[%evp 24,75,27,14,20,0,0,0,14,8,24,0,0,0,0,-3,0,-12,0,0,22,0,137,140,121,65,152,0,0,0,0,0,91,81,83,79,119,116,100,69,220,216,744,794,29989,29990,29990,29991,29991,29992,29992,29993,29997,29998]} 1. e4 e5 2. Nf3 Nc6 3. Bb5 a6 4. Ba4 Nf6 5. O-O Nxe4 6. d4 b5 7. Bb3 d5 8. dxe5 Be6 9. Be3 Be7 10. c3 O-O 11. Nbd2 Nxd2 12. Qxd2 Na5 13. Nd4 {LiveBook: 3 Games} Nc4 {C83: Open Ruy Lopez: 9 c3 Be7} (13... c5 14. Nxe6 fxe6 15. Bc2 g6 16. Qe2 Kg7 17. Rae1 Qd7 18. Qg4 Nc6 19. Bc1 d4 20. Be4 Rad8 21. Qg3 {1-0 (38) Kotronias,V (2578)-Lopez Martinez,J (2488) Warsaw 2005}) 14. Nxe6 (14. Bxc4 $5 dxc4 15. Rfd1 $11) 14... fxe6 15. Qe2 Nxe3 $146 {The position is equal.} ({Predecessor:} 15... Rf5 16. f4 Nxe3 17. Qxe3 Qf8 18. Kh1 g5 19. Qh3 Qf7 20. Bc2 Rxf4 21. g3 Rf5 22. Bxf5 exf5 23. Qxf5 Rf8 24. Qd7 {1-0 (24) Sherzer,A (2460)-Torres,A (2220) New York 1992}) 16. Qxe3 c5 17. Bc2 {Strongly threatening Qh3.} g6 18. g3 c4 19. h4 Rf7 20. Kg2 Rc8 21. Rad1 {[%cal Ba1d1,Bd1d2,Bd2e2][%mdl 32]} b4 22. f4 Qa5 (22... bxc3 $11 23. Qxc3 Qb6) 23. h5 $1 $16 Rg7 ({Don't go for} 23... Qxa2 $2 24. hxg6 hxg6 25. Qb6 $18) ({Don't play} 23... gxh5 $6 24. f5 $14) 24. hxg6 (24. Qf3 $16 Qxa2 25. Qg4) 24... hxg6 $14 25. Bb1 $2 ({White should play} 25. f5 $1 $16 {[%cal Rf5f6] Black must now prevent f6.} exf5 26. Qh6) 25... Rb8 $11 26. Rd2 bxc3 27. bxc3 Rb5 (27... g5 $11 {keeps the balance.} 28. f5 (28. Qa7 $2 Rd8 $19) 28... Bc5) 28. Qf3 $1 $16 {Bxg6! is the strong threat.} Qb6 29. Bc2 $1 Rb2 30. Re2 Rxa2 {[#]} 31. Rh1 $1 {[%cal Bf1h1,Bh1h6,Bh6g6][%mdl 32]} Rb2 $2 (31... a5 $1 $14) 32. Rh6 $18 d4 $2 (32... Rxc2 33. Rxc2 Qb3) 33. Bxg6 d3 {[#]} 34. Rxb2 $1 {White mates.} Qxb2+ 35. Kh3 Rxg6 36. Rxg6+ Kf7 37. Qh5 Qe2 38. Rf6+ {Precision: White = 71%, Black = 55%.} 1-0

[Event "EICC 2017"]
[Site "Minsk"]
[Date "2017.06.09"]
[Round "10"]
[White "Zhigalko, Sergei"]
[Black "Zhigalko, Andrey"]
[Result "1-0"]
[WhiteElo "2643"]
[BlackElo "2566"]
[Annotator "TA"]
[PlyCount "101"]
[EventDate "2017.??.??"]
[EventCountry "BLR"]
[SourceTitle "playchess.com"]
[Source "ChessBase"]
[SourceQuality "1"]

{[%evp 14,101,10,14,22,0,0,1,1,4,12,-9,10,-10,-6,-14,0,0,0,0,0,0,17,12,14,17,5,-8,0,0,0,0,24,11,39,32,45,53,112,113,117,113,131,70,225,225,224,210,209,200,269,266,253,247,279,266,344,344,344,241,507,486,510,477,489,431,603,591,488,456,530,453,965,864,1070,729,638,567,1628,1519,1082,1390,855,1447,1070,723,1653,1643,29965,29963]} 1. d4 Nf6 2. Nf3 g6 3. Bf4 Bg7 4. e3 d6 5. h3 O-O 6. Be2 Nc6 7. O-O e5 {A48: 1 d4 Nf6 2 Nf3 g6: Torre, London and Colle Systems} (7... Nd7 8. Bh2 e5 9. Nc3 exd4 10. Nxd4 Nxd4 11. exd4 Re8 12. Qd2 Nf8 13. Bc4 Be6 14. Bxe6 Nxe6 15. Ne2 Qg5 16. Qd3 Qd5 {½-½ (68) Nakamura,H (2767)-Aronian,L (2797) Saint Louis 2014}) 8. Bh2 {[%cal Rd4e5] LiveBook: 6 Games} Ne4 9. Nbd2 Nxd2 {The position is equal.} 10. Qxd2 Qe7 $146 ({Predecessor:} 10... e4 11. Ne1 f5 12. c4 g5 13. Nc2 g4 14. hxg4 fxg4 15. f3 gxf3 16. gxf3 {0-1 (55) Rakhmanov,A (2588)-Inarkiev,E (2664) Ulan Ude 2009}) 11. c3 f5 (11... e4 $5 12. Ne1 $8 d5 $11) 12. Ne1 Qf7 13. Nd3 Be6 14. b4 {[%cal Bb2b4,Bb4b5][%mdl 32]} Rad8 15. Qc2 Bc4 16. b5 Na5 17. dxe5 Bxd3 18. Bxd3 dxe5 19. Rad1 b6 20. Rd2 Rd6 21. Rfd1 Rfd8 22. Be2 Qe6 23. g4 Rxd2 24. Rxd2 Rxd2 25. Qxd2 Nb7 (25... Bf6 $14) 26. Bf3 $16 e4 27. Bd1 Nc5 28. Bxc7 ({Better is} 28. Qd8+ $16 Bf8 29. gxf5 (29. Bxc7 fxg4 30. Bxg4 Qxa2 $16) 29... Qxf5 30. Bxc7) 28... Be5 $2 (28... h6 $1 $14) 29. gxf5 $18 gxf5 30. Qd8+ Kg7 31. Qg5+ Kh8 32. Bxe5+ Qxe5 {[#]} 33. Bg4 $1 {[%mdl 512]} Qxc3 (33... fxg4 34. Qxe5+) 34. Bxf5 Qg7 35. Qxg7+ Kxg7 {[%mdl 4096] Endgame KB-KN} 36. Kg2 h6 $2 (36... h5 37. f3 exf3+ 38. Kxf3 Na4) 37. Kg3 Kf6 38. Kf4 Nd3+ 39. Kxe4 Nxf2+ 40. Kf4 Nd1 41. Bd3 Nc3 42. Bc4 Na4 (42... Ke7 $142 43. h4 Kd7) 43. e4 {[%cal Be3e4,Be4e5][%mdl 32]} Nc5 44. e5+ Kg6 45. Kg4 Nd7 {[#]} 46. Bd3+ $1 Kg7 47. Kf5 Nc5 48. Bc4 Kf8 49. Kf6 Ne4+ 50. Ke6 Ke8 51. Bd5 {Precision: White = 72%, Black = 30%.} 1-0

[Event "EICC 2017"]
[Site "Minsk"]
[Date "2017.06.09"]
[Round "10"]
[White "Shimanov, Aleksandr"]
[Black "Fedoseev, Vladimir"]
[Result "0-1"]
[WhiteElo "2642"]
[BlackElo "2690"]
[Annotator "TA"]
[PlyCount "120"]
[EventDate "2017.??.??"]
[EventCountry "BLR"]
[SourceTitle "playchess.com"]
[Source "ChessBase"]
[SourceQuality "1"]

{[%evp 11,120,9,27,11,18,20,31,29,36,12,31,25,23,23,32,31,36,25,19,18,23,19,23,19,20,0,18,-3,0,0,35,0,0,0,0,-57,-25,-112,-100,-132,-129,-163,-160,-155,-146,-157,-105,-144,-143,-180,-180,-186,-179,-280,-296,-312,-312,-290,-214,-520,-520,-520,-513,-504,-509,-456,-437,-394,-104,-107,0,-213,-195,-713,-712,-1600,-1533,-2033,-1096,-1921,-1005,-924,-941,-780,-530,-843,-467,-848,-830,-1869,-1514,-12838,-12839,-12841,-12841,-12841,-12839,-12841,-12839,-12839,-12840,-12841,-12842,-12845,-12846,-12846,-12847,-12847,-12846,-12847,-12847]} 1. d4 d5 2. c4 c6 3. cxd5 cxd5 4. Nf3 Nc6 5. Nc3 Nf6 6. Bf4 Nh5 7. Bd2 {D13: Slav Defence: Exchange variation without ...Bf5} (7. Be5 $5) (7. Be5 e6 8. e3 Be7 9. Bd3 O-O 10. O-O Bd7 11. Rc1 f6 12. Bg3 Nxg3 13. hxg3 Be8 14. e4 Bf7 15. exd5 exd5 16. Re1 g6 17. a3 Rc8 18. Na4 {½-½ (41) Shimanov,A (2650)-Fedoseev,V (2597) Khanty-Mansiysk 2013}) 7... g6 (7... e6 8. e3 Nf6 9. Bd3 Be7 10. O-O O-O 11. Rc1 Qd6 12. Qe2 Bd7 13. Rfd1 Rfd8 14. h3 Be8 {0-1 (48) Stern,R (2521)-Granda Zuniga,J (2648) Germany 2017}) 8. e3 e6 9. Bb5 {White is slightly better.} Bd7 10. Ne5 $146 ({Predecessor:} 10. Rc1 f5 11. Ne5 Bd6 12. Nxd7 Qxd7 13. Na4 Rc8 14. Nc5 Qe7 {1-0 (42) Kaminski,V (2244)-Homa,S (2266) Philadelphia 2009}) 10... Nxe5 (10... Bd6 {seems wilder.} 11. Nxd7 Qxd7 12. O-O O-O 13. Be2 Nf6) 11. dxe5 Bxb5 12. Nxb5 {Qa4 is the strong threat.} a6 13. Nd4 Bc5 14. Nb3 Be7 15. O-O O-O 16. Rc1 Qd7 17. Ba5 Rac8 18. Qd4 Ng7 19. g4 f5 20. h3 Qb5 21. Qb6 (21. Qd2 {feels hotter.} b6 22. Bc3 Bc5 23. Nd4 Qd7 24. f4) 21... Rc4 22. Qxb5 (22. gxf5 {looks sharper.} Nxf5 23. Qxe6+ Rf7 24. Qb6 Rg4+ 25. hxg4 Qe2 26. Rc8+) 22... axb5 23. f3 (23. Nd4 $11) 23... h5 {[%cal Rf5g4]} 24. gxh5 (24. Nd2 $11 {keeps the balance.} Ra4 25. Bb6) 24... Nxh5 $17 25. Nd4 Ra8 $36 {[%mdl 2048] Black is in control.} 26. Rxc4 bxc4 27. Bc3 Kf7 ({Don't do} 27... Rxa2 28. Nxe6 f4 29. Nc7 $15) 28. a3 Ng3 (28... f4 $142 29. e4 dxe4 30. fxe4 Rd8) 29. Re1 Bc5 30. Kg2 {[#]} f4 $1 {[%mdl 512]} 31. exf4 Nf5 $1 32. Nxf5 (32. Nc2 {was called for.}) 32... gxf5 $19 {[%mdl 4096] Endgame KRB-KRB} 33. Rd1 Rg8+ 34. Kh2 b5 35. Bd4 $2 (35. h4 {is tougher.}) 35... Bxd4 36. Rxd4 {KR-KR} Kg6 37. Kg3 Kh5+ $1 38. Kf2 Kh4 39. Rd1 {[#]} Rg7 $2 (39... b4 $1 $19 {[%cal Rb4a3] has better winning chances.} 40. a4 (40. axb4 Rb8 $17) 40... Ra8) 40. Ra1 $17 Rg8 (40... d4 $17) 41. Rc1 $2 {[#]} (41. Rd1 $11) 41... b4 $1 $19 42. axb4 $2 (42. Ra1 bxa3 43. bxa3) 42... Rb8 {Black is clearly winning.} 43. Kg2 Rxb4 44. Rc2 Rb8 45. Kh2 Rb3 46. Kg2 Rd3 47. Re2 Rd4 48. Rc2 Rxf4 49. Rc3 (49. Rd2 $142 Kg5 50. Rc2) 49... Rd4 50. b3 f4 51. bxc4 Rxc4 52. Ra3 Rc2+ 53. Kf1 Kg3 54. h4 Rh2 55. Ke1 Rxh4 56. Ra6 Kxf3 57. Rxe6 Ke3 {[%cal Rh4h1]} 58. Kd1 d4 59. Kc2 Rh7 60. Rd6 f3 {Precision: White = 16%, Black = 49%.} 0-1

[Event "EICC 2017"]
[Site "Minsk"]
[Date "2017.06.09"]
[Round "10"]
[White "Lenic, Luka"]
[Black "Paichadze, Luka"]
[Result "1-0"]
[WhiteElo "2641"]
[BlackElo "2568"]
[Annotator "TA"]
[PlyCount "71"]
[EventDate "2017.??.??"]
[EventCountry "BLR"]
[SourceTitle "playchess.com"]
[Source "ChessBase"]
[SourceQuality "1"]

{[%evp 16,71,32,23,28,27,30,26,32,16,35,35,31,28,41,28,43,32,29,24,29,37,50,52,50,52,51,49,73,58,102,97,67,56,91,99,288,281,268,268,278,269,352,322,336,310,310,308,1445,1278,6295,5593,12826,12795,6295,5473,2301,2159]} 1. d4 Nf6 2. c4 e6 3. Nf3 Bb4+ 4. Nbd2 b6 5. a3 Bxd2+ 6. Qxd2 Bb7 7. e3 a5 8. b3 O-O 9. Be2 d5 {E14: Queen's Indian: Classical Variation (4 e3)} 10. O-O Nbd7 11. Bb2 c5 {White has an edge.} 12. Rfd1 Rc8 13. Ne5 $146 ({Predecessor:} 13. Rac1 Qe7 14. a4 Ne4 15. Qc2 cxd4 16. Bxd4 dxc4 17. Bxc4 {1-0 (82) Eljanov,P (2723)-Naiditsch,A (2705) Dubai 2014}) 13... Qe7 14. Nxd7 Nxd7 15. Rac1 Rfd8 16. Bf1 Qf8 17. Qc2 cxd4 18. Rxd4 e5 19. Rdd1 dxc4 20. Qf5 ({Much weaker is} 20. Bxc4 b5 $17) 20... g6 21. Qg4 $1 Nf6 22. Qh4 c3 23. Rxd8 Qxd8 24. Rxc3 Rxc3 25. Bxc3 Qc7 $2 {[#]} (25... Qd6 $16) 26. Qxf6 $18 Qxc3 27. Qxb6 Be4 28. b4 {[%cal Bb3b4,Bb4b5,Bb5b6,Bb6b7][%mdl 32]} a4 29. Qd6 Qa1 30. b5 Kg7 31. f3 Bc2 $2 {[#]} (31... Bb7 32. Qb4 Qc1) 32. b6 {White is clearly winning.} Qc3 33. b7 Qxe3+ 34. Kh1 Qe1 35. Qa6 Qb1 36. Qb5 {Precision: White = 85%, Black = 49%.} 1-0

[Event "EICC 2017"]
[Site "Minsk"]
[Date "2017.06.09"]
[Round "10"]
[White "Bartel, Mateusz"]
[Black "Minko, Vladimir"]
[Result "1-0"]
[WhiteElo "2637"]
[BlackElo "2438"]
[Annotator "TA"]
[PlyCount "63"]
[EventDate "2017.??.??"]
[EventCountry "BLR"]
[SourceTitle "playchess.com"]
[Source "ChessBase"]
[SourceQuality "1"]

{[%evp 12,63,20,21,62,37,53,44,107,113,135,75,66,58,146,127,145,148,288,439,313,435,417,400,386,326,314,181,206,204,199,197,186,186,333,174,138,-101,-104,-100,145,145,361,354,338,316,822,819,756,559,29989,29990,29990,29991]} 1. e4 c5 2. Nf3 e6 3. b3 a6 4. Bb2 Nc6 5. g3 d6 (5... d5 6. exd5 exd5 7. Qe2+ Qe7 8. Qxe7+ Ngxe7 9. Bg2 Bf5 10. O-O O-O-O 11. Nc3 h6 12. Na4 Ng6 13. d4 Bxc2 {½-½ (29) Nisipeanu,L (2668)-Markus,R (2662) Ortisei 2016}) 6. d4 {B40: Sicilian: 2...e6, Unusual lines} cxd4 7. Nxd4 {LiveBook: 14 Games} Qc7 8. Bg2 {White is slightly better.} Nxd4 $146 ({Predecessor:} 8... Nf6 9. O-O Be7 10. c4 O-O 11. Nc3 Nxd4 12. Qxd4 Rb8 13. Rac1 Qa5 14. a3 Qh5 15. Rfe1 e5 16. Qb6 Ng4 17. h3 Nf6 18. Qc7 Bd7 19. Nd5 Rbe8 20. Nxf6+ {1-0 (20) Csonka,A (2409)-Hrbolka,L (2111) Zalakaros 2011}) 9. Qxd4 Qxc2 (9... Bd7 $14) 10. Na3 $16 Qc5 11. Qd2 ({White should play} 11. Qxc5 $1 dxc5 12. Nc4) 11... b5 12. O-O {[%mdl 1024] White has compensation.} Bb7 (12... Qb6 $14) 13. Rfc1 Qb6 14. Bc3 $1 Bc6 (14... Qa7 $16) 15. Ba5 $1 $18 {[%cal Ra5b6]} Qb7 {[#]} 16. Rxc6 $1 {[%mdl 512]} Qxc6 17. Rc1 Qb7 18. Rc7 Qb8 19. e5 (19. Qc3 $142 {White threatens Qc6+ and mate.} Ne7 20. e5) 19... d5 20. Bxd5 $1 exd5 21. Qxd5 {[%csl Gc7][%cal Rd5d7]} Be7 {And now ...Kf8 would win.} 22. Nc2 $1 $40 {[%cal Rc2d4][%mdl 128] White is out for blood.} Qd8 (22... Kf8 {might work better.}) 23. Qc6+ (23. Qf3 $142) 23... Kf8 24. Ne3 $2 (24. Qf3 $1 $16 {is necessary to keep the advantage.}) 24... Qe8 $17 25. Qc3 {[#] Nf5 is the strong threat.} Rd8 $2 {[#]} (25... b4 $1 $17 {[%cal Rb4c3] stays on course.} 26. Bxb4 Rb8) 26. Nf5 $1 $16 g6 $2 (26... h5 $16) 27. Nxe7 $18 Nxe7 28. Bb4 {aiming for e6.} Rd1+ $2 (28... Rg8 29. Bxe7+ Qxe7 30. Rxe7 Kxe7) 29. Kg2 {Hoping for e6.} Qa8+ 30. f3 {Threatening mate with e6.} Qd5 31. Bxe7+ Ke8 32. Bg5 {Precision: White = 82%, Black = 33%.} 1-0

[Event "EICC 2017"]
[Site "Minsk"]
[Date "2017.06.09"]
[Round "10"]
[White "Oleksiyenko, Mykhaylo"]
[Black "Basso, Pier Luigi"]
[Result "1/2-1/2"]
[WhiteElo "2636"]
[BlackElo "2447"]
[Annotator "TA"]
[PlyCount "43"]
[EventDate "2017.??.??"]
[EventCountry "BLR"]
[SourceTitle "playchess.com"]
[Source "ChessBase"]
[SourceQuality "1"]

{[%evp 17,43,-9,16,-3,8,6,7,3,6,4,15,-13,7,0,2,0,0,0,0,-9,0,-6,-9,0,0,-71,-50,-41]} 1. Nf3 d5 2. g3 Nf6 3. Bg2 e6 4. O-O Be7 5. d3 b6 6. Nbd2 Bb7 7. e4 dxe4 8. Ng5 {A05: Réti Opening: 1 Nf3 Nf6} (8. dxe4 O-O 9. e5 Nfd7 10. Qe2 c5 11. h4 Nc6 12. c3 Qc7 13. Re1 Rfd8 14. Nf1 Nf8 15. h5 h6 16. Bf4 {0-1 (66) Amin,B (2662)-Lalith,B (2587) Doha 2016}) 8... Qc8 9. Ndxe4 Nbd7 {LiveBook: 3 Games} 10. Qf3 {Hoping for Nxf6+.The position is equal.} Rb8 11. Qe2 $146 ({Predecessor:} 11. Qf4 h6 12. Nxf6+ Nxf6 13. Nf3 {1-0 (47) Cerrajeria Ruiz,J (2079)-Sierra Aguerri,J (1990) Aragon 2009}) 11... h6 12. Nxf6+ Nxf6 13. Nf3 O-O 14. d4 Bd6 (14... b5 $5) 15. c4 c5 $36 {[%mdl 2048] Black has good play.} 16. dxc5 Qxc5 17. Be3 Qc7 18. Rad1 Rbd8 19. Nd4 {Black must now prevent Nb5.} Bxg2 20. Kxg2 Bc5 21. Nb5 (21. b3 $11 {keeps the balance.}) 21... Qe5 $17 22. Nc3 1/2-1/2

[Event "EICC 2017"]
[Site "Minsk"]
[Date "2017.06.09"]
[Round "10"]
[White "Lupulescu, Constantin"]
[Black "Sedlak, Nikola"]
[Result "1-0"]
[WhiteElo "2631"]
[BlackElo "2543"]
[Annotator "TA"]
[PlyCount "95"]
[EventDate "2017.??.??"]
[EventCountry "BLR"]
[SourceTitle "playchess.com"]
[Source "ChessBase"]
[SourceQuality "1"]

{[%evp 18,95,30,31,31,21,25,14,50,53,64,64,64,64,64,64,70,50,51,51,51,45,80,72,71,83,77,72,95,80,81,79,81,76,141,95,110,89,141,121,123,124,156,116,148,126,97,67,67,94,81,0,185,181,197,197,126,185,177,206,646,662,642,621,916,897,1441,1431,2811,2370,2026,1904,2072,1931,12837,12838,12838,12839,12835,12835]} 1. d4 Nf6 2. c4 e6 3. Nc3 d5 4. cxd5 exd5 5. Bg5 c6 6. e3 Bf5 7. Qf3 Bg6 8. Bxf6 Qxf6 9. Qxf6 gxf6 10. Nf3 Nd7 {D35: Queen's Gambit Declined: Exchange Variation} 11. Nh4 Nb6 12. f4 f5 {The position is equal.} 13. Bd3 Nc4 14. Bxc4 $1 dxc4 15. Kf2 Be7 $146 ({Predecessor:} 15... c5 16. Rhd1 Rc8 17. Rac1 Be7 18. Nf3 {1-0 (48) Carlsen,M (2838)-Sharafiev,A (2433) chess.com INT 2017}) 16. Nf3 f6 17. a4 Bf7 18. Nh4 Be6 19. Ne2 O-O-O 20. Rhc1 $1 Bb4 21. Ng3 a5 22. Nhxf5 b5 23. e4 {[%cal Be3e4,Be4f5][%mdl 32]} Kb7 24. Kf3 Kb6 25. Rc2 Rhg8 (25... h5 $142) 26. h3 Rxg3+ 27. Kxg3 Bxf5 28. exf5 {Threatens to win with Rd1.} Rxd4 $16 {[%mdl 4096] Endgame [#] KRR-KRB} 29. Kg4 $1 Rd3 30. Kh5 c3 31. bxc3 Bxc3 32. Rb1 b4 33. h4 $1 {[%cal Bh3h4,Bh4h5,Bh5h6][%mdl 32]} Rg3 {[#]} 34. Kh6 (34. Re2 $1 $16) 34... Kc5 $2 (34... c5 $11 {and Black has nothing to worry.}) 35. Kxh7 Kc4 36. h5 b3 (36... Kd3 $18 37. Ra2 Ke4 38. Re2+ Kxf5) 37. Re2 c5 38. h6 Kb4 $2 (38... Rg4 39. Kh8 Rxf4) 39. Re7 $18 {White is clearly winning.} Kxa4 40. Rg7 Rd3 41. Kg6 Rd8 42. h7 Rh8 43. Rg8 Rxh7 44. Kxh7 c4 45. Rc8 Kb4 46. Rc1 Bd2 47. R1xc4+ Ka3 48. Rd8 {Precision: White = 68%, Black = 41%.} 1-0